000 00501nam a2200181Ia 4500
005 20250508161651.0
008 008 250505s9999 xx 000 0 eng d
037 _aTextual
040 _aFEDL
_beng
_cFEDL
041 _aeng
_2eng
084 _a993.1, SHE
_qFEDL
100 _aSheppard Lila
_9771261
245 0 _aStory of New Zealand
260 _aWichita
_bMcCormick-Mathers Publishing Company
_c1967
300 _a100p.
942 _cTEXL
_h993.1, SHE
999 _c1371441
_d1371441